000 00619nam a2200169 i 4500
001 89945
003 ES-MaACL
005 20230906180316.0
007 t|
008 050117s1946 sp ||||1| spa d
100 1 _aLayna Serrano, Francisco.
_970767
245 1 0 _aNoticias y opiniones sobre su persona, su vida y su obra /
_cFrancisco Layna Serrano.
260 _a[S.l. :
_bs.n.,
_c1946] (
_eMadrid :
_fImp. de Madrid)
300 _a35 p. :
_bil. ;
_c22 cm.
500 _aEs separata de los artículos destinados a "Reconquista", rev. de Guadalajara con motivo del homenaje...
852 _aES-MaACL
_j1859-F-5
_bR.22279
999 _c89945
_d89945